<?xml version="1.0" encoding="UTF-8"?>
<record
    xmlns:xsi="http://www.w3.org/2001/XMLSchema-instance"
    xsi:schemaLocation="http://www.loc.gov/MARC21/slim http://www.loc.gov/standards/marcxml/schema/MARC21slim.xsd"
    xmlns="http://www.loc.gov/MARC21/slim">

  <leader>00417nam a2200157Ia 4500</leader>
  <controlfield tag="008">230718s9999    xx            000 0 und d</controlfield>
  <datafield tag="041" ind1=" " ind2=" ">
    <subfield code="a">eng</subfield>
  </datafield>
  <datafield tag="082" ind1=" " ind2=" ">
    <subfield code="a">621.317</subfield>
    <subfield code="b">JAL</subfield>
  </datafield>
  <datafield tag="100" ind1=" " ind2=" ">
    <subfield code="a">Jalnekar R.M.</subfield>
    <subfield code="9">123034</subfield>
  </datafield>
  <datafield tag="245" ind1=" " ind2=" ">
    <subfield code="a">Power Electronics</subfield>
  </datafield>
  <datafield tag="260" ind1=" " ind2=" ">
    <subfield code="c">1997</subfield>
    <subfield code="b">Technical Publications</subfield>
  </datafield>
  <datafield tag="300" ind1=" " ind2=" ">
    <subfield code="a">914</subfield>
  </datafield>
  <datafield tag="365" ind1=" " ind2=" ">
    <subfield code="c">Rs.</subfield>
    <subfield code="b">295.00</subfield>
  </datafield>
  <datafield tag="700" ind1=" " ind2=" ">
    <subfield code="a">Jalnekar R.M. &amp; Pasalkar N.B.</subfield>
  </datafield>
  <datafield tag="906" ind1=" " ind2=" ">
    <subfield code="d">B:211411-Apr-1997</subfield>
    <subfield code="c">ETC </subfield>
    <subfield code="b">44.25</subfield>
  </datafield>
  <datafield tag="999" ind1=" " ind2=" ">
    <subfield code="c">296050</subfield>
    <subfield code="d">296050</subfield>
  </datafield>
  <datafield tag="952" ind1=" " ind2=" ">
    <subfield code="0">1</subfield>
    <subfield code="1">0</subfield>
    <subfield code="4">0</subfield>
    <subfield code="7">0</subfield>
    <subfield code="a">CCEP</subfield>
    <subfield code="b">CCEP</subfield>
    <subfield code="d">1997-04-21</subfield>
    <subfield code="e">Pradeep Book Distributors</subfield>
    <subfield code="f">ETC </subfield>
    <subfield code="g">250.75</subfield>
    <subfield code="i">2114</subfield>
    <subfield code="o">621.317</subfield>
    <subfield code="p">CCEP-BK-7256</subfield>
    <subfield code="r">2023-07-18 00:00:00</subfield>
    <subfield code="t">44.25</subfield>
    <subfield code="v">295.00</subfield>
    <subfield code="w">1997-04-11</subfield>
    <subfield code="y">BK</subfield>
    <subfield code="z">007256</subfield>
  </datafield>
</record>
